TUESDAY'S WITH MORRIE (Record no. 33464)

MARC details
000 -LEADER
fixed length control field 00247nam a22001217a 4500
003 - CONTROL NUMBER IDENTIFIER
control field SGT
082 ## - DEWEY DECIMAL CLASSIFICATION NUMBER
Classification number 823
Item number ALB
100 ## - MAIN ENTRY--PERSONAL NAME
Personal name ALBOM MITEN
245 ## - TITLE STATEMENT
Title TUESDAY'S WITH MORRIE
260 ## - PUBLICATION, DISTRIBUTION, ETC. (IMPRINT)
Place of publication, distribution, etc U.K
Name of publisher, distributor, etc SPHERE PUB
Year of Publication 2017
300 ## - PAGE DESCRIPTION
No. of Pages 201
942 ## - ADDED ENTRY ELEMENTS (KOHA)
Source of classification or shelving scheme Dewey Decimal Classification
Koha item type Books
Holdings
Withdrawn status Lost status Source of classification or shelving scheme Damaged status Not for loan Collection code Home library Current library Shelving location Date acquired SGTU Total Checkouts Full call number Accession No. (Barcode) Date last seen Date last borrowed Bill Date Koha item type
    Dewey Decimal Classification     MASS COMMUNICATION SGT Science & Social Sciences Library SGT Science & Social Sciences Library Text Book 22/01/2026 SGTU 7 823 ALB MC1302 24/04/2026 21/04/2026 22/01/2026 Books